[Event "Tourn. n8966"]
[Site "www.chess-mail.com"]
[Date "2017.01.10"]
[Round "1"]
[White "Ejner"]
[Black "Szustan"]
[WhiteElo "2440"]
[BlackElo "2620"]
[Result "0-1"]
[Round "1"]
1.d4 d5
2.c4 dxc4
3.e4 e5
4.Ng1f3 Ng8f6
5.Bf1xc4 Nf6xe4
6.O-O Bf8e7
7.Nf3xe5 Ne4d6
8.Bc4b3 O-O
9.Nb1c3 Nb8c6
10.Ne5xc6 bxc6
11.Rf1e1 Ra8b8
12.d5 c5
13.Bb3a4 Be7f6
14.Ba4c6 Nd6f5
15.Nc3b5 a6
16.Nb5a7 Nf5d4
17.Na7xc8 Qd8xc8
18.Ra1b1 Rf8d8
19.Bc1d2 Qc8f5
20.Qd1a4 Bf6e5
21.Qa4xa6 Qf5g6
22.Kh1 Be5xh2
23.Qa6a3 Bh2e5
24.Rb1d1 Rb8b3
25.Qa3xb3 Nd4xb3
26.axb3 Qg6h5
27.Kg1 Qh5h2
28.Kf1 Qh2h1
29.Ke2 Qh1xg2
30.Bd2e3 Rd8b8
31.Rd1d3 c4
32.bxc4 Qg2g4
33.f3 Qg4g2
34.Kd1 Rb8xb2
35.Rd3d2 Rb2b1
36.Kc2 Qg2g6
{ resign }
0-1

[Event "Tourn. n9179"]
[Site "www.chess-mail.com"]
[Date "2017.01.10"]
[Round "1"]
[White "Norlavuaram"]
[Black "B0zata"]
[WhiteElo "2070"]
[BlackElo "2170"]
[Result "1-0"]
[Round "1"]
1.e4 b6
2.d4 Bc8b7
3.f3 e6
4.c4 Bf8b4
5.Nb1c3 d5
6.e5 f5
7.f4 c5
8.Ng1f3 Nb8c6
9.cxd5 Qd8xd5
10.Bc1d2 Bb4xc3
11.bxc3 cxd4
12.c4 Qd5e4
13.Qd1e2 Qe4xe2
14.Bf1xe2 Ng8e7
15.O-O h6
16.Be2d3 Kf7
17.Rf1c1 Ne7g6
18.Ra1b1 Rh8d8
19.c5 Nc6xe5
20.Nf3xe5 Ng6xe5
21.fxe5 Bb7d5
22.cxb6 Bd5xa2
23.b7 Ra8b8
24.Rb1b2 Ba2d5
25.Bd3a6 Rd8d7
26.Rc1c8 Rb8xb7
27.Ba6xb7 Bd5xb7
28.Rc8c5 d3
29.Bd2a5 Bb7e4
30.Rc5c7 Rd7xc7
31.Ba5xc7 g5
32.Bc7a5 f4
33.Ba5d2 Kg6
34.Rb2a2 Kf5
35.Bd2c3 h5
36.Kf2 h4
37.Ra2xa7 g4
38.Ra7f7 Kg5
39.Bc3d2 Be4f5
40.g3 hxg3
41.hxg3 Kg6
42.Rf7f6 Kh5
43.Bd2xf4 { resign }
1-0

[Event "Tourn. n9101"]
[Site "www.chess-mail.com"]
[Date "2017.01.10"]
[Round "1"]
[White "Julian"]
[Black "Jackbauer"]
[WhiteElo "1880"]
[BlackElo "1980"]
[Result "1-0"]
[Round "1"]
1.e4 c5
2.Ng1f3 d6
3.c3 Ng8f6
4.d4 Nf6xe4
5.Bf1d3 Ne4f6
6.dxc5 dxc5
7.O-O Nb8d7
8.Bd3b5 a6
9.Bb5a4 Qd8c7
10.Rf1e1 e6
11.Bc1g5 b5
12.Ba4c2 Bf8e7
13.Nb1d2 O-O
14.Qd1e2 Nf6d5
15.Bg5xe7 Nd5xe7
16.Ra1d1 h6
17.Qe2e4 f5
18.Qe4xe6 Rf8f7
19.Nd2f1 Nd7f8
20.Qe6e5 Qc7xe5
21.Nf3xe5 Rf7f6
22.Nf1g3 Bc8e6
23.f4 Ra8c8
24.Ng3h5 Rf6g6
25.Ne5xg6 Ne7xg6
26.Re1xe6 Nf8xe6
27.Bc2xf5 Ne6f8
28.Bf5xc8 { resign }
1-0

[Event "Tourn. n9134"]
[Site "www.chess-mail.com"]
[Date "2017.01.10"]
[Round "1"]
[White "Madz123456"]
[Black "Autmich"]
[WhiteElo "1620"]
[BlackElo "1549"]
[Result "0-1"]
[Round "1"]
1.e4 e5
2.Ng1f3 Nb8c6
3.Bf1c4 Bf8c5
4.d3 Ng8f6
5.c3 h6
6.O-O d6
7.b4 Bc5b6
8.a4 a6
9.Nb1d2 O-O
10.Rf1e1 Bc8e6
11.Bc4xe6 fxe6
 { time }
0-1

[Event "Tourn. n9119"]
[Site "www.chess-mail.com"]
[Date "2017.01.10"]
[Round "1"]
[White "Julian"]
[Black "Urbe69"]
[WhiteElo "1950"]
[BlackElo "2089"]
[Result "0-1"]
[Round "1"]
1.e4 e6
2.d4 d5
3.e5 c5
4.c3 Bc8d7
5.Ng1f3 cxd4
6.cxd4 a6
7.Nb1c3 Nb8c6
8.Bf1d3 Bf8b4
9.O-O Ng8e7
10.Nc3e2 O-O
11.a3 Bb4a5
12.b4 Ba5b6
13.Bd3xh7 Kxh7
14.Nf3g5 Kg8
15.Qd1d3 Ne7f5
16.Qd3h3 Nf5h6
17.Bc1e3 Bb6xd4
18.Ne2xd4 Nc6xd4
19.Be3xd4 Qd8xg5
20.Bd4e3 Qg5g4
21.Be3xh6 Qg4xh3
22.gxh3 gxh6
23.f4 Ra8c8
24.Ra1c1 Rc8xc1
25.Rf1xc1 Rf8c8
26.Rc1xc8 Bd7xc8
27.Kf2 Kg7
28.Ke3 Kg6
{ resign }
0-1

[Event "Tourn. n9042"]
[Site "www.chess-mail.com"]
[Date "2017.01.10"]
[Round "1"]
[White "Andychesston"]
[Black "Norlavuaram"]
[WhiteElo "2030"]
[BlackElo "2210"]
[Result "0-1"]
[Round "1"]
1.e4 e5
2.Ng1f3 Nb8c6
3.d4 exd4
4.Nf3xd4 Bf8c5
5.Bc1e3 Qd8f6
6.c3 Ng8e7
7.Qd1d2 Bc5b6
8.Bf1e2 O-O
9.Nd4f3 Qf6g6
10.Be3xb6 axb6
11.O-O d6
12.Nf3h4 Qg6xe4
13.f4 Qe4d5
14.Qd2c2 Ne7f5
15.Nh4xf5 Bc8xf5
16.Qc2d2 Qd5xd2
17.Nb1xd2 Rf8e8
18.Be2b5 h6
19.Nd2f3 Re8e7
20.Nf3h4 Bf5h7
21.g4 Bh7e4
22.a3 Nc6a7
23.Bb5c4 Ra8e8
24.f5 d5
25.f6 Re7e6
26.Bc4b3 c6
27.fxg7 Kxg7
28.a4 Na7c8
29.c4 Nc8d6
30.cxd5 cxd5
31.Nh4f5 Nd6xf5
32.gxf5 Re6f6
33.Ra1e1 Re8g8
34.h3 Kh7
35.Kf2 Rf6xf5
36.Ke3 Rg8g3
37.Kd2 Rg3xb3
38.Rf1xf5 Be4xf5
39.h4 Rb3xb2
40.Kc3 Rb2c2
41.Kd4 Bf5e6
42.Ke5 Rc2c4
43.h5 Rc4xa4
44.Re1g1 Ra4g4
45.Rg1b1 Rg4g5
46.Kd6 Rg5xh5
47.Rb1xb6 d4
48.Rb6xb7 Rh5d5
49.Ke7 d3
50.Rb7b1 d2
{ resign }
0-1

[Event "Tourn. n9132"]
[Site "www.chess-mail.com"]
[Date "2017.01.10"]
[Round "1"]
[White "Pariolinius"]
[Black "Madz123456"]
[WhiteElo "1900"]
[BlackElo "1720"]
[Result "1-0"]
[Round "1"]
1.d4 Ng8f6
2.Bc1g5 c5
3.Bg5xf6 gxf6
4.Ng1f3 Qd8b6
5.b3 cxd4
6.Nf3xd4 e5
7.Nd4f5 d5
8.Nf5g3 d4
9.Nb1d2 Bf8b4
10.Ng3e4 f5
11.Ne4g3  { time }
1-0

[Event "Tourn. n9049"]
[Site "www.chess-mail.com"]
[Date "2017.01.10"]
[Round "1"]
[White "Lachouette"]
[Black "Cal"]
[WhiteElo "1509"]
[BlackElo "1700"]
[Result "0-1"]
[Round "1"]
1.e4 e5
2.f4 exf4
3.Ng1f3 d6
4.d4 a6
5.Bc1xf4 h6
6.Nb1c3 Bc8g4
7.Bf1e2 Ng8f6
8.h3 Bg4h5
9.g4 Bh5g6
10.Qd1d2 b5
11.O-O-O Bf8e7
12.Nf3h4 Bg6h7
13.Be2d3 O-O
14.Kb1 Nb8c6
15.Nh4f5 Bh7xf5
16.gxf5 Nc6xd4
17.Qd2e3 c5
18.Rh1g1 Rf8e8
19.Nc3d5 Nf6xd5
20.exd5 Be7g5
21.Bd3e4 Bg5xf4
22.Qe3xf4 Nd4e2
23.Qf4g4 Ne2xg1
24.Rd1xg1 Qd8f6
25.Rg1e1 c4
26.c3 a5
27.Re1e2 b4
28.h4 bxc3
29.b3 cxb3
30.axb3 Ra8b8
31.Kc2 a4
32.bxa4 Rb8b2
33.Kc1 Qf6d4
34.f6 Qd4xf6
35.Re2xb2 Qf6f1
36.Kc2 cxb2
37.Kxb2 Re8b8
38.Kc3 Qf1c1
39.Kd3 Rb8b3
40.Ke2 Qc1e3
41.Kf1 Qe3c1
42.Kg2 Rb3b2
43.Kh3 Rb2b3
44.Be4f3 Qc1f1
45.Qg4g2 Rb3xf3
46.Kh2 Rf3f2
47.a5 Qf1xg2

0-1

[Event "Tourn. n9182"]
[Site "www.chess-mail.com"]
[Date "2017.01.10"]
[Round "1"]
[White "Yoj"]
[Black "Mitja"]
[WhiteElo "2150"]
[BlackElo "2060"]
[Result "1-0"]
[Round "1"]
1.b3 e5
2.Bc1b2 d6
3.d4 exd4
4.Qd1xd4 f6
5.g3 Nb8c6
6.Qd4e4 Qd8e7
7.Qe4xe7 Ng8xe7
8.Nb1c3 Ne7f5
9.Nc3d5 Nf5e7
10.Nd5xc7 Kd8
11.Nc7xa8 Bc8d7
12.O-O-O Kc8
13.Rd1xd6 { resign }
1-0

[Event "Tourn. n9171"]
[Site "www.chess-mail.com"]
[Date "2017.01.10"]
[Round "1"]
[White "B0zata"]
[Black "Norlavuaram"]
[WhiteElo "2170"]
[BlackElo "2160"]
[Result "0-1"]
[Round "1"]
1.e4 e5
2.Ng1f3 Nb8c6
3.Bf1c4 Bf8e7
4.Nb1c3 Ng8f6
5.d4 d6
6.Bc1g5 O-O
7.dxe5 Nc6xe5
8.Nf3xe5 dxe5
9.Bg5xf6 Be7xf6
10.Qd1xd8 Bf6xd8
11.Ra1d1 c6
12.Nc3e2 Bd8b6
13.h3 Rf8e8
14.O-O Kf8
15.Rd1d3 Re8d8
16.Rd3xd8 Bb6xd8
17.Rf1d1 Bd8e7
18.g4 Ke8
19.Ne2g3 g6
20.a4 b6
21.Kg2 Bc8b7
22.f3 Ra8d8
23.Rd1xd8 Be7xd8
24.Ng3e2 a6
25.b4 b5
26.axb5 cxb5
27.Bc4b3 Bd8b6
28.g5 Bb6e3
29.h4 Be3d2
30.c3 Bd2e1
31.Kh3 Bb7c8
32.Kg2 Be1xh4
33.f4 exf4
34.Ne2xf4 Bh4xg5
35.Nf4d5 Bg5d8
36.Nd5f4 a5
37.bxa5 Bd8xa5
38.c4 bxc4
39.Bb3xc4 Ba5c7
40.Nf4d5 Bc7e5
41.Bc4b5 Bc8d7
42.Bb5c4 Bd7e6
43.Bc4b5 Be6d7
44.Bb5c4 f5
45.Kf3 g5
46.Nd5e3 g4
47.Ke2 f4
48.Ne3f1 h5
49.Kf2 Ke7
50.Bc4e2 Kf6
51.Be2d1 Kg5
52.Nf1h2 g3
53.Kg2 gxh2
54.Kxh2 Bd7g4
55.Bd1c2 f3
56.Kg1 Kf4
57.Kf2 Be5d4
58.Kf1 Ke3
59.Bc2d1 Bg4h3
60.Kg1 f2
61.Kh2 f1Q
62.Bd1f3 Bd4e5

0-1

[Event "Tourn. n9167"]
[Site "www.chess-mail.com"]
[Date "2017.01.10"]
[Round "1"]
[White "Bojan"]
[Black "Norlavuaram"]
[WhiteElo "2080"]
[BlackElo "2100"]
[Result "0-1"]
[Round "1"]
1.d4 Ng8f6
2.Nb1c3 g6
3.Bc1g5 Bf8g7
4.f3 O-O
5.e4 h6
6.Bg5h4 d6
7.Bf1c4 c6
8.Qd1d2 Kh7
9.h3 Qd8c7
10.Bc4d3 e5
11.Bh4f2 Nb8d7
12.g4 a6
13.Nc3e2 b5
14.b4 c5
15.c3 c4
16.Bd3c2 Bc8b7
17.Bf2e3 d5
18.Ne2g3 dxe4
19.f4 exd4
20.Be3xd4 e3
21.Bd4xe3 Bb7xh1
22.Ng3xh1 Rf8e8
23.O-O-O Ra8d8
24.Be3d4 Nd7f8
25.Qd2h2 Nf8e6
26.Bd4e5 Rd8xd1
27.Bc2xd1 Qc7b6
28.Qh2g3 Nf6e4
29.Qg3e1 f5
30.Be5xg7 Kxg7
31.gxf5 gxf5
32.Ng1e2 Qb6e3
33.Kb2 Ne6xf4
34.Qe1g1 Qe3xg1
35.Ne2xg1 Nf4d3
36.Kc2 Ne4f2
37.Nh1xf2 Nd3xf2
38.Bd1f3 Nf2e4
39.Ng1e2 Ne4g5
40.Bf3h5 Re8e3
41.Ne2f4 Ng5e4
42.Nf4e6 Kf6
43.Ne6c7 Re3xc3
44.Kb2 Rc3xh3
45.Bh5e8 Rh3h2
46.Ka1 Ne4c3
{ resign }
0-1

[Event "Tourn. n9132"]
[Site "www.chess-mail.com"]
[Date "2017.01.10"]
[Round "1"]
[White "Madz123456"]
[Black "Picifarkinca"]
[WhiteElo "1710"]
[BlackElo "1630"]
[Result "0-1"]
[Round "1"]
1.e4 e5
2.Ng1f3 Ng8f6
3.Nf3xe5 d6
4.Ne5f3 Nf6xe4
5.d4 d5
6.Bf1d3 Bf8e7
7.O-O Bc8g4
8.h3 Bg4h5
9.c4 Nb8c6
10.cxd5 Qd8xd5
11.Nb1c3 Ne4xc3
 { time }
0-1

[Event "Tourn. n8987"]
[Site "www.chess-mail.com"]
[Date "2017.01.10"]
[Round "1"]
[White "Lachouette"]
[Black "Glailton"]
[WhiteElo "1579"]
[BlackElo "1229"]
[Result "1-0"]
[Round "1"]
1.e4 e5
2.f4 exf4
3.Ng1f3 Nb8c6
4.d4 d5
5.e5 Bc8g4
6.c3 Qd8e7
7.Bc1xf4 f6
8.Bf1e2 O-O-O
9.O-O g5
10.Bf4g3 Ng8h6
11.h3 Bg4h5
12.Bg3h2 Nh6f5
13.Nb1d2 Nf5e3
14.Qd1e1  { time }
1-0

[Event "Tourn. n9129"]
[Site "www.chess-mail.com"]
[Date "2017.01.10"]
[Round "1"]
[White "Manolinex"]
[Black "Jobeye"]
[WhiteElo "2880"]
[BlackElo "1990"]
[Result "1-0"]
[Round "1"]
1.e4 e5
2.Ng1f3 Ng8f6
3.Nf3xe5 Nb8c6
4.Ne5xc6 dxc6
5.Nb1c3 Bf8c5
6.h3 O-O
7.d3 Rf8e8
8.Bf1e2 Qd8d4
9.Bc1e3 Qd4b4
10.a3 Qb4xb2
11.Nc3a4 Qb2b5
12.Na4xc5 b6
13.d4 Qb5b2
14.Nc5a4 Qb2xa1
15.Qd1xa1 Nf6xe4
16.Na4c3 Ne4xc3
17.Qa1xc3 Bc8b7
18.O-O { resign }
1-0

[Event "Tourn. n8987"]
[Site "www.chess-mail.com"]
[Date "2017.01.10"]
[Round "1"]
[White "Glailton"]
[Black "Autmich"]
[WhiteElo "1229"]
[BlackElo "999"]
[Result "0-1"]
[Round "1"]
1.e4 c5
2.Ng1f3 d6
3.Bf1c4 Nb8c6
4.Nb1c3 Ng8f6
5.Bc4b5 Bc8g4
6.Bb5xc6 bxc6
7.h3 Bg4h5
8.d3 e5
9.Bc1g5 Bf8e7
10.O-O Qd8b6
11.b3 h6
12.Nc3a4 Qb6c7
13.c4 hxg5
14.g4 Bh5g6
15.Kg2 Kd7
16.Nf3xg5 Ra8e8
17.Rf1h1 Nf6h7
18.Ng5f3 Nh7g5
19.Nf3xg5 Be7xg5
20.Qd1f1 Rh8h7
 { time }
0-1

[Event "Tourn. n9112"]
[Site "www.chess-mail.com"]
[Date "2017.01.10"]
[Round "1"]
[White "Mrmoto"]
[Black "Gatrooper"]
[WhiteElo "1670"]
[BlackElo "1480"]
[Result "1-0"]
[Round "1"]
1.e4 e5
2.Ng1f3 Nb8c6
3.Nb1c3 Ng8f6
4.g3 a6
5.Bf1g2 h6
6.O-O d6
7.a3 Bc8g4
8.h3 Bg4xf3
9.Bg2xf3 Nc6d4
10.d3 Bf8e7
11.Bf3g2 Qd8d7
12.Nc3e2 Nd4xe2
13.Qd1xe2 c6
14.c3 b5
15.b4  { time }
1-0

[Event "Tourn. n9090"]
[Site "www.chess-mail.com"]
[Date "2017.01.10"]
[Round "1"]
[White "Bojan"]
[Black "Osopanda"]
[WhiteElo "2050"]
[BlackElo "2090"]
[Result "0-1"]
[Round "1"]
1.e4 c5
2.Ng1f3 d6
3.d4 cxd4
4.Nf3xd4 Ng8f6
5.f3 a6
6.Nb1c3 e5
7.Nd4f5 Bc8xf5
8.exf5 Bf8e7
9.Bf1d3 Nb8c6
10.Nc3e4 Nf6xe4
11.Bd3xe4 O-O
12.Bc1e3 Ra8c8
13.c3 Qd8c7
14.O-O Rf8d8
15.g4 Be7h4
16.c4 Nc6d4
17.b3 b5
18.Ra1c1 bxc4
19.Rc1xc4 Qc7e7
20.Rc4a4 d5
21.Be4b1 Nd4b5
22.Qd1d2 d4
23.Be3f2 Bh4xf2
24.Rf1xf2 Nb5c3
25.Bb1c2 Nc3xa4
26.bxa4 Qe7c5
27.Bc2b3 d3
28.Kg2 Kf8
29.Kg3 f6
30.h4 Rd8d4
31.Rf2f1 Qc5d6
32.Rf1b1 e4
33.Kg2 exf3
34.Kxf3 Rc8e8
35.Bb3e6 Qd6c6
36.Kg3 Re8xe6
37.fxe6 Qc6xe6
38.Rb1e1 Qe6xg4
{ resign }
0-1

[Event "Tourn. n9035"]
[Site "www.chess-mail.com"]
[Date "2017.01.10"]
[Round "1"]
[White "Roque1"]
[Black "Genius3"]
[WhiteElo "1670"]
[BlackElo "1650"]
[Result "0-1"]
[Round "1"]
1.e4 e5
2.Ng1f3 Nb8c6
3.Bf1b5 f5
4.Bb5xc6 dxc6
5.Nf3xe5 Qd8f6
6.d4 fxe4
7.Nb1c3 Bf8b4
8.O-O Bb4xc3
9.bxc3 Ng8e7
10.Bc1a3 O-O
11.f4 Rf8e8
12.Qd1e2 Bc8f5
13.g4 Bf5e6
14.Ba3xe7 Re8xe7
15.Qe2xe4 Be6d5
16.Qe4d3 Ra8e8
17.c4 Bd5f7
18.Ra1e1 Bf7g6
19.f5 Bg6f7
20.Re1e3 c5
21.c3 cxd4
22.cxd4 Re8d8
23.Qd3e2 Rd8xd4
24.Rf1e1 c5
25.Ne5xf7 Re7xe3
26.Qe2xe3 Qf6xf7
27.h3 h5
28.Qe3e8 { time. }
0-1

[Event "Tourn. n8956"]
[Site "www.chess-mail.com"]
[Date "2017.01.10"]
[Round "1"]
[White "Ejner"]
[Black "Kampungboy"]
[WhiteElo "2430"]
[BlackElo "2430"]
[Result "0-1"]
[Round "1"]
1.d4 e6
2.Ng1f3 d5
3.c4 Ng8f6
4.Nb1c3 Bf8b4
5.Qd1b3 Nb8c6
6.Bc1g5 dxc4
7.Qb3xc4 Qd8d5
8.Qc4xb4 Nc6xb4
9.Nc3xd5 Nf6xd5
10.e4 f6
11.Bg5h4 Nd5b6
12.Kd2 Bc8d7
13.Bh4g3 O-O-O
14.Ra1c1 Nb4c6
15.h4 Kb8
16.Ke3 h6
17.b4 a6
18.a4 Nb6xa4
19.b5 axb5
20.Bf1xb5 Na4b6
21.Rc1c3 g5
22.Bb5xc6 Bd7xc6
23.Rh1b1 Kc8
24.hxg5 hxg5
25.Nf3d2 Rh8h7
26.f3 f5
27.Bg3e5 Nb6d7
28.Nd2c4 fxe4
29.fxe4 Rh7h4
30.Kf2 Nd7xe5
31.Nc4xe5 Bc6xe4
32.Rb1a1 b6
33.Ra1a7 Rh4h7
34.Ne5c6 Be4xc6
35.Rc3xc6 Rd8xd4
36.Rc6xb6 cxb6
37.Ra7xh7 Rd4e4
38.Kf3 Re4e5
39.Kg4 b5
40.Kh5 b4
41.Kg6 b3
42.g4 Re5b5
43.Rh7h1 b2
44.Rh1b1 Kd7
45.Kf6 Kd6
46.Kg6 Ke7
{ resign }
0-1

[Event "Tourn. n9153"]
[Site "www.chess-mail.com"]
[Date "2017.01.10"]
[Round "1"]
[White "Autmich"]
[Black "Nulladies"]
[WhiteElo "1710"]
[BlackElo "1790"]
[Result "1-0"]
[Round "1"]
1.e4 c5
2.Ng1f3 g6
3.d4 cxd4
4.Nf3xd4 Bf8g7
5.Bc1e3 Nb8c6
6.Nd4xc6 bxc6
7.Nb1c3 Bg7xc3
8.bxc3 Qd8a5
9.Qd1d2 Ng8f6
10.Bf1d3 Bc8a6
11.O-O d6
12.Be3h6 Ba6xd3
13.cxd3 Kd7
14.Ra1b1 Ra8b8
15.Rb1b3 Nf6g4
16.Bh6f4 e5
17.Bf4e3 Ng4xe3
18.fxe3 Ke7
19.Qd2f2 Rb8f8
20.Qf2f6 Kd7
21.Rb3b7 Qa5c7
22.Rb7xc7 Kxc7
23.Qf6e7 Kb6
24.Qe7xd6 Rf8d8
25.Rf1b1 { resign }
1-0

[Event "Tourn. n9055"]
[Site "www.chess-mail.com"]
[Date "2017.01.10"]
[Round "1"]
[White "Papaours"]
[Black "Prize640"]
[WhiteElo "2320"]
[BlackElo "2370"]
[Result "1-0"]
[Round "1"]
1.d4 Ng8f6
2.c4 g6
3.Nb1c3 d5
4.Ng1f3 Bf8g7
5.Qd1b3 dxc4
6.Qb3xc4 O-O
7.e4 a6
8.Bf1e2 b5
9.Qc4b3 c5
10.dxc5 Bc8b7
11.e5 Nf6d7
12.Bc1e3 Nd7xe5
13.Ra1d1 Qd8c7
14.Nc3d5 Bb7xd5
15.Qb3xd5 Nb8c6
16.Nf3xe5 Nc6xe5
17.O-O Ra8d8
18.Qd5e4 f5
19.Qe4f4 Qc7a5
20.a3 Rd8xd1
21.Rf1xd1 Rf8d8
22.Rd1xd8 Qa5xd8
23.b4 Kf7
24.g4 e6
25.g5 Qd8d5
26.Be3d4 Qd5xd4
27.Qf4xd4 Ne5f3
28.Be2xf3 Bg7xd4
29.Bf3b7 Bd4b2
30.c6 Bb2e5
31.Bb7xa6 { resign }
1-0

[Event "Match"]
[Site "www.echecsemail.com"]
[Date "2017.01.10"]
[Round "1"]
[White "Pariolinius"]
[Black "Orae"]
[WhiteElo "1910"]
[BlackElo "1710"]
[Result "1-0"]
[Round "1"]
1.d4 e6
2.Ng1f3 Ng8f6
3.Bc1g5 h6
4.Bg5h4 g5
5.Bh4g3 Nb8c6
6.e3 a6
7.Bf1d3 Bf8g7
8.Nb1d2 b5
9.a3 Bc8b7
10.Nd2b3 d6
11.Qd1e2 Nc6e7
12.O-O Nf6h5
13.e4 g4
14.Nf3d2 Nh5f6
15.f4 c5
16.dxc5 h5
17.f5 h4
18.Bg3xd6 g3
19.h3 Ne7c8
20.Bd6f4 Nf6d7
21.Nd2f3 e5
22.Bf4g5 f6
23.Bg5xh4 Bg7f8
24.Ra1d1 Rh8g8
25.Nb3a5 Ra8b8
26.Na5xb7 Rb8xb7
27.c6 Qd8b6
28.Kh1 Qb6xc6
29.c3 Nc8b6
30.Rd1c1 Nd7c5
31.Bd3c2 Nb6c4
32.Rc1b1 Rb7h7
33.Rf1d1 Bf8d6
34.Bh4xf6 Kf7
35.Nf3g5 Rg8xg5
36.Bf6xg5 Rh7g7
37.Qe2h5 Kg8
38.f6 Rg7h7
39.Qh5g6 Kh8
40.f7 Rh7g7
41.Bg5f6 Nc5e6
42.Qg6h6 { resign }
1-0

[Event "Match"]
[Site "www.echecsemail.com"]
[Date "2017.01.10"]
[Round "1"]
[White "Joseph1983"]
[Black "Numanoid"]
[WhiteElo "2210"]
[BlackElo "2380"]
[Result "0-1"]
[Round "1"]
1.e4 e6
2.d4 d5
3.Nb1d2 Ng8f6
4.e5 Nf6d7
5.Bf1d3 c5
6.c3 Nb8c6
7.Ng1e2 cxd4
8.cxd4 f6
9.exf6 Nd7xf6
10.Nd2f3 Bf8d6
11.O-O Qd8c7
12.Ne2c3 a6
13.a3 O-O
14.Bc1g5 h6
15.Bg5h4 Nf6h5
16.Ra1c1 Bc8d7
17.Bh4g3 Nh5xg3
18.fxg3 Rf8f6
19.Bd3b1 Bd7e8
20.Qd1d2 g5
21.b4 Qc7g7
22.Rc1e1 Be8d7
23.Nc3e2 Ra8f8
24.g4 h5
25.h3 hxg4
26.hxg4 Qg7h6
27.Ne2c1 Bd6g3
28.Re1e2 Kg7
{ resign }
0-1

[Event "Match"]
[Site "www.echecsemail.com"]
[Date "2017.01.10"]
[Round "1"]
[White "Billyg"]
[Black "Sonny1000"]
[WhiteElo "1680"]
[BlackElo "1290"]
[Result "1-0"]
[Round "1"]
1.e4 e5
2.Ng1f3 Nb8c6
3.Bf1b5 Nc6d4
4.d3 Nd4xb5
5.Nf3xe5 Qd8f6
6.Ne5f3 Bf8b4
7.c3 Bb4c5
8.Bc1d2 d5
9.d4 Qf6g6
10.O-O Qg6xe4
11.Rf1e1 Ng8e7
12.Re1xe4 dxe4
13.Nf3e5 Bc8e6
14.dxc5 Ra8d8
15.Qd1e2 O-O
16.Qe2xb5 a6
17.Qb5xb7 Rd8d5
18.Qb7xc7 f5
19.f4 Ne7g6
20.Ne5xg6 Rf8f6
21.Ng6e7 Kf7
22.Ne7xd5 Kg6
23.Nd5xf6 Kxf6
24.Nb1a3 h5
25.Qc7d8 Kf7
26.c6 g5
27.fxg5 Kg7
28.Qd8f6 Kh7
29.g6 Kg8
30.Bd2h6 e3
31.Qf6f8 { resign }
1-0

[Event "Match"]
[Site "www.echecsemail.com"]
[Date "2017.01.10"]
[Round "1"]
[White "Guzenko"]
[Black "Llord"]
[WhiteElo "2050"]
[BlackElo "1880"]
[Result "0-1"]
[Round "1"]
1.e4 e5
2.Ng1f3 Nb8c6
3.d4 exd4
4.Nf3xd4 Nc6xd4
5.Qd1xd4 b6
6.Nb1c3 Bf8e7
7.Qd4xg7 Be7f6
8.Qg7g3 Ng8e7
9.e5 Rh8g8
 { time }
0-1

[Event "Match"]
[Site "www.echecsemail.com"]
[Date "2017.01.10"]
[Round "1"]
[White "Coraza"]
[Black "Pariolinius"]
[WhiteElo "1760"]
[BlackElo "1900"]
[Result "0-1"]
[Round "1"]
1.Ng1f3 Ng8f6
2.Nb1c3 g6
3.e4 e5
4.Nf3xe5 d6
5.Ne5c4 Bf8g7
6.e5 Nf6g4
7.Bf1e2 Ng4xe5
8.Nc4a3 Nb8c6
9.Be2b5 O-O
10.O-O Bc8e6
11.d4 Nc6xd4
12.Bb5d3 Be6g4
13.f3 Ne5xd3
14.cxd3 Bg4d7
15.Bc1e3 a6
16.Nc3e2 c5
17.Be3xd4 cxd4
18.Na3c4 Bd7b5
19.Nc4a3 Bb5c6
20.Na3c2 Qd8b6
21.b3 Rf8e8
22.Rf1e1 Ra8c8
23.Kf1 Bc6b5
24.a4 Bb5d7
25.b4 Bd7e6
26.a5 Qb6c7
27.Ra1c1 Be6b3
28.Ne2g3 Bg7h6
29.Re1xe8 Rc8xe8
30.Ng3e4 Kg7
31.Ne4d2 Bb3a4
32.g3 Bh6e3
33.Nc2xe3 Qc7d7
34.Qd1e2 Re8xe3
35.Qe2f2 Ba4b5
36.Nd2c4 Re3xd3
37.Kg2 Qd7e6
38.Nc4b2 Rd3e3
39.Nb2d1 Re3e2
40.Qf2xe2 Qe6xe2
41.Kh3 Qe2xf3
{ resign }
0-1

[Event "Match"]
[Site "www.echecsemail.com"]
[Date "2017.01.10"]
[Round "1"]
[White "Karlgrocer"]
[Black "Genius3"]
[WhiteElo "2020"]
[BlackElo "1650"]
[Result "0-1"]
[Round "1"]
1.Ng1f3 Ng8f6
2.d4 e6
3.e3 b6
4.Bf1e2 Bc8b7
5.O-O Bf8e7
6.a3 O-O
7.Nb1d2 d6
8.b4 Nb8d7
9.Bc1b2 a5
10.bxa5 Ra8xa5
11.c4 Nf6e4
12.Nd2xe4 Bb7xe4
13.Nf3d2 Be4b7
14.Be2f3 Bb7xf3
15.Qd1xf3 Qd8a8
16.Qf3xa8 Ra5xa8
17.Rf1c1 e5
18.Nd2f3 Be7f6
19.dxe5 Nd7xe5
20.Nf3d4 Rf8e8
21.Rc1d1 Ne5xc4
22.Ra1b1 Nc4xb2
23.Rb1xb2 c5
24.Rb2xb6 cxd4
25.exd4 Ra8xa3
26.Rb6xd6 h6
27.g3 Re8d8
28.Rd6xd8 Bf6xd8
29.d5 Ra3a2
30.d6 Kf8
31.Rd1e1 Ra2d2
32.Kg2 Rd2xd6
33.Re1e2 Bd8f6
34.h3 Rd6e6
35.Re2c2 Re6d6
36.Rc2a2 g6
37.g4 Kg7
38.Ra2e2 Rd6b6
39.Re2c2 g5
40.Rc2a2 Rb6b2
41.Ra2a3 Bf6d4
42.Ra3f3 Kg6
43.Kg3 f6
44.Kg2 Bd4xf2
45.Rf3xf2 Rb2xf2
46.Kxf2 h5
47.Kg3 hxg4
48.hxg4 f5
{ resign }
0-1

[Event "Match"]
[Site "www.echecsemail.com"]
[Date "2017.01.10"]
[Round "1"]
[White "Jobeye"]
[Black "Gimmyg"]
[WhiteElo "2040"]
[BlackElo "2540"]
[Result "0-1"]
[Round "1"]
1.c3 Ng8f6
2.d3 c5
3.e4 Nb8c6
4.Ng1f3 d5
5.e5 Nf6d7
6.d4 e6
7.Bc1e3 Qd8b6
8.b3 cxd4
9.Nf3xd4 Nc6xe5
10.Nd4b5 Bf8c5
11.Be3xc5 Qb6xc5
12.b4 Qc5b6
13.a4 O-O
14.a5 Qb6c6
15.Nb1a3 a6
16.Nb5d4 Qc6xc3
17.Qd1d2 Qc3xa1
{ resign }
0-1

[Event "Fast Game"]
[Site "www.echecsemail.com"]
[Date "2017.01.10"]
[Round "1"]
[White "Scotland"]
[Black "Rovaniaina"]
[WhiteElo "1599"]
[BlackElo "1599"]
[Result "0-1"]
[Round "1"]
1.e4 c5
2.Ng1f3 d6
3.h3 Ng8f6
4.d3 Nb8c6
5.c3 e5
6.Bc1g5 Bf8e7
7.Bf1e2 O-O
8.O-O Bc8e6
9.Nb1d2 d5
10.Rf1e1 h6
11.Bg5h4 d4
12.cxd4 Nc6xd4
13.Nf3xe5 Ra8c8
14.Be2f1 Be7d6
15.Nd2c4 b5
16.Nc4xd6 Qd8xd6
17.Bh4xf6 gxf6
18.Ne5f3 Kh8
19.Nf3xd4 cxd4
20.Qd1h5 Qd6f4
21.g3 Rf8g8
22.g4 Be6xg4
23.hxg4 Rg8xg4
24.Bf1g2 Rc8c2
25.Re1f1 Rg4h4
 { time }
0-1

[Event "Fast Game"]
[Site "www.echecsemail.com"]
[Date "2017.01.10"]
[Round "1"]
[White "Scotland"]
[Black "Cal"]
[WhiteElo "1599"]
[BlackElo "1680"]
[Result "0-1"]
[Round "1"]
1.e4 e5
2.Ng1f3 d6
3.h3 a6
4.c3 Nb8c6
5.d4 exd4
6.cxd4 h6
7.b3 b5
8.Bf1e2 Ng8f6
9.Nb1d2 Bc8d7
10.O-O Bf8e7
11.Bc1b2 O-O
12.Rf1e1 Nf6h7
13.a3 Be7g5
14.Be2d3 Bg5xd2
15.Qd1xd2 f6
 { time }
0-1

[Event "Fast Game"]
[Site "www.echecsemail.com"]
[Date "2017.01.10"]
[Round "1"]
[White "Attatroll"]
[Black "Jobeye"]
[WhiteElo "1870"]
[BlackElo "1720"]
[Result "1-0"]
[Round "1"]
1.e4 e5
2.Ng1f3 Nb8c6
3.d4 f5
4.d5 Nc6e7
5.Nf3xe5 fxe4
6.Nb1c3 Ng8f6
7.Bf1c4 d6
8.Bc4b5 c6
9.dxc6 bxc6
10.Ne5xc6 Qd8b6
11.Qd1xd6 Bc8d7
12.Bc1e3 Qb6b7
13.Nc6d4 Bd7xb5
14.Nd4xb5 Ra8c8
15.Qd6xf6 gxf6
16.Nb5d6 Kd7
17.Nd6xb7 f5
18.O-O-O Kc7
19.Nb7c5 Ne7g6
20.Nc5e6 { resign }
1-0

[Event "Fast Game"]
[Site "www.echecsemail.com"]
[Date "2017.01.10"]
[Round "1"]
[White "Yoj"]
[Black "Attatroll"]
[WhiteElo "1929"]
[BlackElo "1850"]
[Result "1-0"]
[Round "1"]
1.e4 e5
2.f4 exf4
3.Ng1f3 h6
4.c3 g5
5.Bf1c4 d6
6.d4 Bf8g7
7.Qd1e2 Bc8g4
8.h3 Bg4h5
9.Bc4d5 c6
10.Bd5c4 Ng8f6
11.e5 O-O
12.O-O dxe5
13.dxe5 Nf6d5
14.b4 Nb8d7
15.Qe2e4 Bh5g6
16.Qe4d4 Rf8e8
17.Rf1e1 Nd7b6
18.Bc4b3 Qd8c7
19.c4 Nd5xb4
20.Bc1a3 Ra8d8
21.Qd4c3 a5
22.Nb1d2 Rd8d3
23.Qc3b2 Rd3e3
24.c5 Nb6d5
25.Nd2c4 Re3xf3
26.gxf3 Nb4d3
27.Qb2d2 Nd3xe1
28.Ra1xe1 b6
29.cxb6 Nd5xb6
30.Nc4d6 Re8xe5
31.Re1xe5 Bg7xe5
32.Nd6e8 Qc7d7
33.Ne8d6 Nb6d5
34.Qd2xa5 Be5xd6
35.Qa5a8 Kg7
36.Ba3b2 f6
37.Kh2 Nd5e3
38.Qa8g8 
1-0

[Event "Tourn. n9089"]
[Site "www.chess-mail.com"]
[Date "2017.01.11"]
[Round "1"]
[White "Osmundw"]
[Black "Autmich"]
[WhiteElo "1450"]
[BlackElo "999"]
[Result "0-1"]
[Round "1"]
1.e4 c5
2.d3 Nb8c6
3.a3 d6
4.b4 cxb4
5.g3 g6
6.axb4 Nc6xb4
7.Qd1d2 Bf8g7
8.Qd2xb4 Ng8f6
9.g4 Nf6xg4
10.Bc1g5 Bg7xa1
11.Qb4a3 Ba1f6
12.f3 Bf6xg5
13.fxg4 Qd8b6
14.Qa3a2 Qb6e3
15.Bf1e2 Bg5h4
16.Kd1 O-O
17.Nb1d2 Qe3f2
18.Ng1h3 Qf2g2
19.Be2f3 Qg2xh3
20.Qa2d5 Bc8xg4
21.Ke2 Qh3g2
22.Ke3 Bg4xf3
23.Nd2xf3 Bh4f2
24.Ke2 Qg2xh1
25.Kxf2 b6
26.Qd5b7 Ra8c8
27.Nf3e1 Qh1xh2
28.Ne1g2 Rc8xc2
29.Ke3 Qh2xg2
30.Qb7xa7 Rf8c8
31.Qa7b7 e5
32.Qb7xb6 Qg2f2
{ resign }
0-1

[Event "Tourn. n9093"]
[Site "www.chess-mail.com"]
[Date "2017.01.11"]
[Round "1"]
[White "Cal"]
[Black "Azulmarino"]
[WhiteElo "1600"]
[BlackElo "1580"]
[Result "1-0"]
[Round "1"]
1.d4 d5
2.h3 Bc8f5
3.Nb1c3 e6
4.a3 a6
5.Bc1g5 Qd8xg5
6.e3 Ng8f6
7.Ng1f3 Bf8d6
8.Bf1d3 Qg5xg2
9.Rh1g1 Qg2xh3
10.Rg1xg7 Bf5g4
11.Bd3e2 Nf6e4
12.Nf3g1 Qh3h1
13.Rg7xg4 Bd6h2
14.Nc3xe4 Bh2xg1
15.Kd2 dxe4
16.Rg4xg1 Qh1h2
17.Qd1e1 Qh2h6
18.Ra1d1 Nb8c6
19.b4 b5
20.Kc1 Ra8d8
21.c3 a5
22.Be2xb5 e5
23.Bb5xc6 Kf8
24.dxe5 Rd8xd1
25.Qe1xd1 f6
26.Qd1d8 Kf7
27.Qd8d7 Kf8
28.Qd7e8 { resign }
1-0